000 00290nam a2200109 a 4500
005 20140414131945.0
008 110128s19uu xx 00 eng d
050 _aTR 372.7
_bD57 2006
100 _aDillon, Susan
245 _aFast facts addition and subtraction, Grade 1-2.
999 _c112663
_d112663